| 000 | 00388nam a22001217a 4500 | ||
|---|---|---|---|
| 999 |
_c307 _d307 |
||
| 005 | 20200812121723.0 | ||
| 008 | 200812b ||||| |||| 00| 0 eng d | ||
| 020 | _a18624 | ||
| 040 | _cCML | ||
| 245 |
_aNon-Capitalist Development: An Historical Outline. _cSolodovnikov, V & Bogoslovsky, V. |
||
| 260 |
_aMoscow _bProgress Publishers Ltd _c1975 |
||
| 942 |
_2ddc _cBK _h320.5 _mSOL |
||